Asian ideas of east and west; (Record no. 4603)

MARC details
000 -LEADER
fixed length control field 01060cam a2200265 454500
005 - DATE AND TIME OF LATEST TRANSACTION
control field 20260112063320.0
010 ## - LIBRARY OF CONGRESS CONTROL NUMBER
LC control number 73-089972
020 ## - INTERNATIONAL STANDARD BOOK NUMBER
International Standard Book Number 0674049756
039 ## - LEVEL OF BIBLIOGRAPHIC CONTROL AND CODING DETAIL [OBSOLETE]
Level of rules in bibliographic description 202504241547
Level of effort used to assign nonsubject heading access points staff
Level of effort used to assign subject headings 202111101047
Level of effort used to assign classification staff
Level of effort used to assign subject headings 202011061548
Level of effort used to assign classification staff
Level of effort used to assign subject headings 201704191045
Level of effort used to assign classification staff
-- 201411201621
-- staff
082 ## - DEWEY DECIMAL CLASSIFICATION NUMBER
Classification number 915.033
Item number HAY [ Shelf 3 ]
100 ## - MAIN ENTRY--PERSONAL NAME
Personal name Hay, Stephen N.
245 ## - TITLE STATEMENT
Title Asian ideas of east and west;
Remainder of title Tagore and his critics in Japan, China, and India /
Statement of responsibility, etc. Stephen N. Hay.
260 ## - PUBLICATION, DISTRIBUTION, ETC.
Place of publication, distribution, etc. Cambridge,
Name of publisher, distributor, etc. Harvard University Press,
Date of publication, distribution, etc. 1970.
300 ## - PHYSICAL DESCRIPTION
Extent xv, 480 p.
Other physical details maps, ports.
Dimensions 25 cm.
440 ## - SERIES STATEMENT/ADDED ENTRY--TITLE
Title Harvard East Asian series,
Volume/sequential designation 40
504 ## - BIBLIOGRAPHY, ETC. NOTE
Bibliography, etc. note Bibliography: p. [413]-446.
650 ## - SUBJECT ADDED ENTRY--TOPICAL TERM
Topical term or geographic name entry element East and West.
650 ## - SUBJECT ADDED ENTRY--TOPICAL TERM
Topical term or geographic name entry element Tagore, Rabindranath,
Active dates 1861-1941.
906 ## - LOCAL DATA ELEMENT F, LDF (RLIN)
a 7
b cbc
c orignew
d u
e ncip
f 19
g y-gencatlg
985 ## -
-- bg15 4-3-85
991 ## -
-- c-GenColl
-- CB251
-- .H35
-- 00009870258
-- Copy 1
-- BOOKS
991 ## -
-- VIRTUA
991 ## -
-- VTLSSORT0080*0100*0200*0820*1000*2450*2600*3000*4400*5040*6500*6501*9060*9850*9910*9992
909 ## -
-- 5140
Holdings
Withdrawn status Lost status Damaged status Not for loan Home library Current library Date acquired Total checkouts Full call number Barcode Copy number Koha item type
        Indian Institute Of Management, Shillong Indian Institute Of Management, Shillong 20/11/2014   915.033 HAY [ Shelf 3 ] 0011450 1 Book
        Indian Institute Of Management, Shillong Indian Institute Of Management, Shillong 20/11/2014   915.033 HAY [ Shelf 3 ] 0011449   Reference
Copyright © 2026 Indian Institute of Management Shillong. All Rights Reserved.